Tiché rezervy v účetnictví. 2.

Kapitálové tiché rezervy. Udržiavanie a zánik tichých rezerv. Význam podnikových skrytých rezerv a ich dôsledky: 1. skreslí sa pohľad na podnik skreslením účtovných informácií, 2. získa sa lacný zdroj financovania, 3. zabráni sa vykazovaniu nerealizovaných ziskov.

Gespeichert in:
Bibliographische Detailangaben
1. Verfasser: Zelenka, Vladimír
Format: Buchkapitel
Sprache:Tschechisch
Schlagworte:
Tags: Tag hinzufügen
Keine Tags, Fügen Sie das erste Tag hinzu!

MARC

LEADER 00000naa a2200000 4500
001 r008122
005 20220831085440.6
041 0 |a cze 
044 |a [CS] 
245 1 0 |a Tiché rezervy v účetnictví. 2.  |c Vladimír Zelenka 
520 |a Kapitálové tiché rezervy. Udržiavanie a zánik tichých rezerv. Význam podnikových skrytých rezerv a ich dôsledky: 1. skreslí sa pohľad na podnik skreslením účtovných informácií, 2. získa sa lacný zdroj financovania, 3. zabráni sa vykazovaniu nerealizovaných ziskov. 
610 2 0 |a účtovníctvo 
610 2 0 |a rezervy podnikové 
610 2 0 |a zisk podnikový 
100 1 |a Zelenka, Vladimír